000 00677nam a2200217 4500
003 OSt
005 20240624072928.0
006 a
008 240624b |||||||| |||| 00| 0 eng d
020 _a9789712359231
040 _aDWCL-Main lib.
_cOC
082 _2First edition
_aFil. 808.8 R457 2011
100 _aReyes, Dinia Delfina S.
245 _aWorld literature : literary gems of the east and west /
250 _aFirst edition
260 _aManila:
_bRex book store,
_cc2011.
300 _axxxiii,
_b241 p.
_c22 cm.
504 _aIncludes bibliographical references & index.
650 _a1. Literature- collections.
942 _2ddc
_n0
_cBK - FIL
_eFirst edition
_kFil.
999 _c1245
_d1245